Dayanand Saraswati: His Life and Ideas/ (Record no. 187133)

MARC details
000 -LEADER
fixed length control field 00555nam a22001817a 4500
005 - DATE AND TIME OF LATEST TRANSACTION
control field 20220401151354.0
010 ## - LCCN (DPL NO)
LC control number ENG-132209
020 ## - INTERNATIONAL STANDARD BOOK NUMBER
International Standard Book Number 9788171395224
Terms of availability 950.00
035 ## - SYSTEM CONTROL NUMBER
System control number EN-115741
037 ## - SOURCE OF ACQUISITION
Source of stock number/acquisition DBAD/PUB
082 ## - DEWEY DECIMAL CLASSIFICATION NUMBER
Classification number 294.5563
100 ## - MAIN ENTRY--PERSONAL NAME
Personal name Trivedi, Tanuja
245 ## - TITLE STATEMENT
Title Dayanand Saraswati: His Life and Ideas/
Statement of responsibility, etc Tanuja Trivedi
260 ## - PUBLICATION, DISTRIBUTION, ETC. (IMPRINT)
Place of publication, distribution, etc New Delhi
Name of publisher, distributor, etc Jnanada Prakashan
Date of publication, distribution, etc 2019
270 ## - ADDRESS
Address 4837/2, 24, Ansari Road, Daryaganj
Postal code 110002
City New Delhi
300 ## - PHYSICAL DESCRIPTION
Extent v, 300p.
Other physical details Index
Dimensions 22cm(hbk)
942 ## - ADDED ENTRY ELEMENTS (KOHA)
Source of classification or shelving scheme Dewey Decimal Classification
Item type English Books
Call number suffix TRI
Classification part 294.5563
Holdings
Withdrawn status Lost status Not for loan Collection code Home library Current library Date acquired Source of acquisition Cost, normal purchase price Full call number Barcode Copy number Cost, replacement price Koha item type
      Non-fiction Central Library Central Library 01/04/2022 DBAD/PUB 950.00 294.5563 TRI EN-115741 1 950.00 English Books

© Delhi Public Library
Hit Counter
free hit counter